000 00464nam a2200181Ia 4500
001 18340
005 20260306171623.0
008 260306s9999||||xx |||||||||||||| ||und||
041 _aESP
082 _a658.4032
_bH46
100 _aHerrscher, Enrique G.
_eAUT
245 0 _aPensamiento sistémico:
_bcambiar el cambio o cambiar el camino
260 _c2006
300 _a272 páginas :
_c22 cm.
650 _aGEN
654 _aCAN
942 _cLIB
_dJUS
_fJUS
_2ddc
_n
999 _c18340
_d18340